Reaching learners through telecommunications : management and leadership strategies for higher education

Αποθηκεύτηκε σε:
Λεπτομέρειες βιβλιογραφικής εγγραφής
Κύριος συγγραφέας: Duning, Becky S., 1939-
Άλλοι συγγραφείς: Van Kekerix, Marvin J., 1944-, Zaborowski, Leon M., 1942-
Μορφή: Βιβλίο
Γλώσσα:English
Δημοσίευση: San Francisco : Jossey- Bass Publishers, 1993.
Θέματα:
Ετικέτες: Προσθήκη ετικέτας
Δεν υπάρχουν, Καταχωρήστε ετικέτα πρώτοι!

MARC

LEADER 00000cam a2200000 i 4500
001 1/37954
008 960115s1993 cau| ||| |||| ||eng||
020 |a 1555425011 
035 |l 10024773 
040 |a GR-MyUa  |b gre  |e AACR2 
041 0 |a eng 
082 7 |a 371.335   |2 (22) 
100 1 |a Duning, Becky S.,   |d 1939- 
245 1 0 |a Reaching learners through telecommunications :   |b management and leadership strategies for higher education /   |c Becky S. Duning, Marvin J. Van Kekerix, Leon M. Zaborowski. 
260 |a San Francisco :   |b Jossey- Bass Publishers,   |c 1993. 
300 |a 299 σ. ;   |c 24εκ. 
650 0 |a Education, Higher. 
650 0 |a Telecommunication in education. 
650 0 |a Distance education. 
700 1 |a Van Kekerix, Marvin J.,   |d 1944- 
700 1 |a Zaborowski, Leon M.,   |d 1942- 
852 |a INST  |b CHIOS  |e 19960115  |h 371.335 DUN  |p 005200003669  |q 005200003669  |t BK  |y 0